Business And Professional Communication (Record no. 115229)

MARC details
000 -LEADER
fixed length control field 00393pam a2200157 a 4500
020 ## - INTERNATIONAL STANDARD BOOK NUMBER
Terms of availability
041 ## - LANGUAGE CODE
Language code of original
082 ## - DEWEY DECIMAL CLASSIFICATION NUMBER
Classification number 658.45000000000005
Item number DIS
100 ## - MAIN ENTRY--PERSONAL NAME
Personal name Disanza, J, R
245 ## - TITLE STATEMENT
Title Business And Professional Communication
Medium Textual Documents
250 ## - EDITION STATEMENT
Edition statement 4th ed
260 ## - PUBLICATION, DISTRIBUTION, ETC.
Place of publication, distribution, etc. New Delhi
Name of publisher, distributor, etc. Pearson Education [Addison Wesley]
Date of publication, distribution, etc. 2009
300 ## - PHYSICAL DESCRIPTION
Extent XV/301
700 ## - ADDED ENTRY--PERSONAL NAME
Personal name Legge
930 ## - EQUIVALENCE OR CROSS-REFERENCE-UNIFORM TITLE HEADING [LOCAL, CANADA]
Uniform title 8402
Holdings
Withdrawn status Lost status Damaged status Not for loan Collection Home library Current library Shelving location Date acquired Source of acquisition Cost, normal purchase price Total Checkouts Full call number Barcode Date last seen Copy number Price effective from Koha item type Date last checked out
          Abhijit Kadam Institute of Management & Social Science, Solapur Abhijit Kadam Institute of Management & Social Science, Solapur   10/11/2009 Bharati Madhyavarti Sahakari Grahakbhandar Limited 349.00   658.45000000000005 DIS AKS-M-08996 01/03/2023 2 01/03/2023 Book  
          Abhijit Kadam Institute of Management & Social Science, Solapur Abhijit Kadam Institute of Management & Social Science, Solapur   10/11/2009 Bharati Madhyavarti Sahakari Grahakbhandar Limited 349.00 5 658.45000000000005 DIS AKS-M-08995 12/03/2024 1 01/03/2023 Book 29/02/2024